000 00275nam a22001337a 4500
008 170622b xxu||||| |||| 00| 0 eng d
020 _a9780300083408
041 _aeng
080 _a94
100 _a16
101 _aSHH
245 _aTALIBAN
_cRASHID,A
942 _2udc
_cBK
999 _c18817
_d18817